Identificación de elementos del paisaje rural cafetero del municipio del Cairo (Valle del Cauca) con valor de conservación de biodiversidad (Registro nro. 6695)

Detalles MARC
000 -CABECERA
Campo de control 00685nam a2200169 a 4500
005 - FECHA Y HORA DE LA ULTIMA TRANSACCION
Campo de control 20140130114231.0
008 - ELEMENTOS DE LONGITUD FIJA—INFORMACION GENERAL
Campo de control 140130b2008 ck ||||| |||| 00| 0 spa d
041 ## - IDIOMA
Código de idioma para texto/pista de sonido o título separado Español
044 ## - PAÍS DE PUBLICACIÓN
País de publicación Colombia
090 ## - CLASIFICACIÓN LOCAL
Colección IAVH
Consecutivo 01250
100 ## - ASIENTO PRINCIPAL--NOMBRE PERSONAL
Nombre personal Cardona Gutiérrez, Carlos Andrés
245 ## - MENCION DE TITULO
Título Identificación de elementos del paisaje rural cafetero del municipio del Cairo (Valle del Cauca) con valor de conservación de biodiversidad
Parte restante del título Informa final
260 ## - PUBLICACION, DISTRIBUCION, ETC. (PIE DE IMPRENTA)
Lugar de publicación, distribución, etc. Palmira
Nombre del editor, distribuidor, etc. Instituto de Investigación de Recursos Biológicos Alexander von Humboldt
-- Comité Departamental de cafeteros del Valle del Cauca
Fecha de publicación, distribución, etc. 2008
300 ## - DESCRIPCION FISICA
Extensión 73 p.
662 ## - ASIENTO SECUNDARIO DE MATERIA - JERARQUIA DEL NOMBRE DE LUGAR(
Ciudad El Cairo
Jurisdicción política de primer orden Valle del Cauca
942 ## - ELEMENTOS ADICIONALES (KOHA)
Tipo de ítem Impreso
Sistema de clasificación Local
Existencias
Withdrawn status Lost status Sistema de Clasificación Damaged status No para préstamo Colección Inventariado Ubicación Permanente Ubicación actual Fecha de adquisición Total Checkouts Número topográfico Inventario / Código de Barras Date last seen Ejemplar Price effective from Forma de adquisición Tipo de material
    Local     Humboldt Inventariado 2017 Bogotá Bogotá 27/11/2008   IAVH-01250 026612 09/08/2024 Ej. 1 04/12/2012   Informe Técnico